000 00996nam a2200289Ia 4500
005 20220317001854.0
008 170410s2016 s g 000 0 s
020 _a9788483931981
041 _aspa
082 0 4 _a530.8
_bF27a
100 1 _aFernández Panadero, Javier
245 1 0 _aAproxímate
_bmide, calcula, estima
_bla ciencia para todos
_cJavier Fernández Panadero
250 _a1a. edición
300 _a254 páginas
_bgráficos en blanco y negro
_c22 cm
490 _aVoces : ensayo
500 _aIncluye datos biográficos del autor en solapa
650 1 4 _2LEMB
_aCiencia
_xEnseñanza elemental
650 1 4 _2LEMB
_aMedición
_xEnseñanza elemental
650 1 4 _2LEMB
_aMedición
_vExperimentos
650 1 4 _2LEMB
_aCiencia
_vCuriosidades y enigmas
942 _2ddc
_cBK
264 _aMadrid
_bPáginas de Espuma
_c2016
336 _atexto
_btxt
_2rdacontent
337 _asin mediación
_bn
_2rdamedia
338 _avolumen
_bnc
_2rdacarrier
040 _aCO-BoRNBP
_bspa
_erda
_cCO-BoRNBP
999 _c8369
_d8369